| 000 | 02564nam a22003737a 4500 | ||
|---|---|---|---|
| 001 | 103226 | ||
| 003 | KnowledgeUnlatched | ||
| 005 | 20210303104738.0 | ||
| 006 | m o d | ||
| 007 | cr u|||||||||| | ||
| 008 | 210129p20152019xx o u00| u fre d | ||
| 037 | _5BiblioBoard | ||
| 245 | 0 | 0 |
_aChangement climatique _bQuels défis pour le Sud ? / _cSerge Janicot, Magali Reinert. |
| 020 | _a9782709921695 | ||
| 024 | 8 | _ahttps://doi.org/10.4000/books.irdeditions.29392 | |
| 029 | 1 | _ahttps://library.biblioboard.com/ext/api/media/d328b96d-b11b-4380-905e-1744f69fb836/assets/thumbnail.jpg | |
| 040 |
_aScCtBLL _cScCtBLL |
||
| 506 | 0 |
_aAccess copy available to the general public. _fUnrestricted _2star |
|
| 700 | 1 |
_aJanicot, Serge _eeditor. |
|
| 700 | 1 |
_aReinert, Magali _eeditor. |
|
| 264 | 1 | _bIRD Éditions, | |
| 300 | _a1 online resource (1 p.) | ||
| 520 | _aLa mobilisation autour de la conférence Paris Climat 2015 (COP 21) a été l'occasion de mettre en relief la vulnérabilité des milieux et des populations du Sud face au réchauffement climatique. Certaines régions de la zone intertropicale en subissent déjà les effets, que ce soient les vagues de chaleur au Sahel, la perturbation des systèmes de mousson, la fonte des glaciers andins, les menaces sur la biodiversité, l'élévation du niveau des océans. Cet ouvrage en donne un aperçu synthétique décliné en trois temps : observer et comprendre le changement climatique, analyser ses principaux impacts en fonction des milieux, remettre les sociétés et les politiques publiques nationales au cœur du défi climatique. En insistant sur les capacités de résilience des populations et des écosystèmes face à l'évolution du climat, l'ouvrage explore les solutions conciliant atténuation du changement climatique et adaptation, préservation de l'environnement et réduction des inégalités. | ||
| 588 | 0 | _aDescription based on print version record. | |
| 590 | _aOpenEdition Books Select 2018: HSS Backlist Books | ||
| 650 | 7 |
_aBusiness & Economics / Development / Sustainable Development _2bisacsh |
|
| 650 | 0 | _aEconomics | |
| 655 | 0 | _aElectronic books. | |
| 758 |
_iIs found in: _aKnowledge Unlatched _1https://openresearchlibrary.org/module/2774bc74-146a-484f-a7ba-ab1d6a09bbfb |
||
| 856 | 4 | 0 |
_uhttps://openresearchlibrary.org/content/d328b96d-b11b-4380-905e-1744f69fb836 _zView this content on Open Research Library. _70 |
| 999 |
_c32489 _d32489 |
||